书目信息 |
| 题名: |
辛亥革命北方英烈小传
|
|
| 作者: | 黄真 编 | |
| 分册: | ||
| 出版信息: | 北京 北京出版社 1984 |
|
| 页数: | 84页 | |
| 开本: | 19cm | |
| 丛书名: | ||
| 单 册: | ||
| 中图分类: | K828.52 | |
| 科图分类: | ||
| 主题词: | 人物--传记--中国 | |
| 电子资源: | ||
| ISBN: | ||
| 000 | 00654nam0 2200229 45 | |
| 001 | 0184012389 | |
| 005 | 20060313142148.56 | |
| 010 | @dCNY0.56 | |
| 091 | @a11070.216 | |
| 100 | @a19950208d1984 em y0chiy0121 ea | |
| 101 | 0 | @achi |
| 102 | @aCN@b110000 | |
| 105 | @af z 000yc | |
| 200 | 10 | @a辛亥革命北方英烈小传@Axin hai ge ming bei fang ying lie xiao zhuan@f黄真等编@Fhuang zhen deng bian |
| 210 | @a北京@c北京出版社@d1984 | |
| 215 | @a84页@c照片@d19cm | |
| 606 | 0 | @a人物@x传记@x中国 |
| 690 | @aK828.52 | |
| 701 | 0 | @a黄真@Ahuang zhen@4编 |
| 801 | 2 | @aCN@bNLC@c20060313 |
| 801 | 0 | @aCN@b上海图书馆@c20040513 |
| 905 | @f1@b211863@dK828.52@e11 | |
| 辛亥革命北方英烈小传/黄真等编.-北京:北京出版社,1984 |
| 84页:照片;19cm |
| ISBN :CNY0.56 |
| ● |
| 相关链接 |
|
|
|
|
正题名:辛亥革命北方英烈小传
索取号:K828.52/11
 
预约/预借
| 序号 | 登录号 | 条形码 | 馆藏地/架位号 | 状态 | 备注 |
| 1 | 0211862 | 202204694 | 密集书库/ [索取号:K828.52/11] | 在馆 | |
| 2 | 0211863 | 001539712 | 第二借阅区/ [索取号:K828.52/11] | 在馆 | |
| 3 | 0211864 | 001539703 | 第二样本阅览室/ [索取号:K828.52/11] | 在馆 |